| 000 | 00538nam a2200193Ia 4500 | ||
|---|---|---|---|
| 008 | 160418s9999 xx 000 0 und d | ||
| 050 | _aFIL ML 1554.P5 | ||
| 050 | _b.N34 2003 v.2 | ||
| 245 | 4 | _aThe NAMCYA anthology of Philippine choral music / | |
| 245 | _cedited by Verne De la Peña. | ||
| 260 | _aManila : | ||
| 260 | _bNational Commission for culture and the Arts. | ||
| 260 | _c2003 | ||
| 300 | _a168 pages : | ||
| 300 | _billustrations ; | ||
| 300 | _c30 cm. | ||
| 440 | _vv.2 | ||
| 650 | _aChoral music -- Philippines. | ||
| 999 |
_c293357 _d293357 |
||